Normal view
MARC view
- Probability
Entry Topical Term
001 - CONTROL NUMBER
- control field: 225
003 - CONTROL NUMBER IDENTIFIER
- control field: NUST
005 - DATE AND TIME OF LATEST TRANSACTION
- control field: 20170509154144.0
008 - FIXED-LENGTH DATA ELEMENTS
- fixed length control field: 170509|| aca||aabn | a|a d
040 ## - CATALOGING SOURCE
- Original cataloging agency: NUST
- Transcribing agency: NUST
150 ## - HEADING--TOPICAL TERM
- Topical term or geographic name entry element: Probability
670 ## - SOURCE DATA FOUND
- Source citation: Work cat.: (NUST)24417: Sheldon Rose 224, A First Course in Probablity, c2002.
